Statistiche per Paesi con il minor inquinamento atmosferico

Clicka qui per fare il quiz!

Statistiche generali

  • Questo quiz è stato fatto 56 volte
  • Il punteggio medio è 12 su 21

Statistiche sulle risposte

μg/m3popolazionenazione% Corretto
7,05,4 milNorvegia
89%
6,210 milSvezia
89%
5,95,6 milFinlandia
85%
105,8 milDanimarca
83%
6,5< 1 milIslanda
81%
8,625 milAustralia
77%
6,437 milCanada
75%
8,24,8 milIrlanda
72%
6,04,8 milNuova Zelanda
70%
6,71,3 milEstonia
60%
10,567 milRegno Unito
55%
7,4329 milStati Uniti
55%
10,38,6 milSvizzera
51%
8,210,3 milPortogallo
47%
9,746 milSpagna
45%
10,4< 1 milLussemburgo
40%
10,3< 1 milAndorra
36%
7,8< 1 milMaldive
34%
5,9< 1 milBrunei
28%
10,2< 1 milIsole Marshall
25%
9,33,5 milUruguay
6%

Distribuzione punteggi

Percentile per numero di risposta

Percentuale di utenti per punteggio

I tuoi punteggi nel tempo

Non hai fatto questo quiz